| 000 | 01526cam a2200325 a 4500 | ||
|---|---|---|---|
| 001 | 14710551 | ||
| 003 | ARRUPE | ||
| 005 | 20140129121005.0 | ||
| 008 | 070125s2007 miua b 001 0 eng | ||
| 010 | _a 2007003161 | ||
| 020 | _a9780802827463 (pbk. : alk. paper) | ||
| 020 | _a0802827462 (pbk. : alk. paper) | ||
| 035 | _a(OCoLC)ocm81252658 | ||
| 035 | _a(OCoLC)81252658 | ||
| 040 |
_aDLC _cDLC _dBAKER _dBTCTA _dC#P _dYDXCP _dDLC |
||
| 050 | 0 | 0 |
_aBS2330.3 _b.L63 2007 |
| 082 | 0 | 0 |
_a225.6/1 _222 |
| 100 | 1 |
_aLoader, William R. G., _d1944- _97186 |
|
| 245 | 1 | 4 |
_aThe New Testament with imagination : _ba fresh approach to its writings and themes / _cWilliam Loader. |
| 260 |
_aGrand Rapids, Mich. : _bWilliam B. Eerdmans Pub. Co., _c2007. |
||
| 300 |
_ax, 206 p. : _bill. ; _c23 cm. |
||
| 504 | _aIncludes bibliographical references (p. 197-198) and indexes. | ||
| 505 | 0 | _aJesus and Capernaum : hope and change -- Jesus and conflict : death and Resurrection -- Paul amid the turbulence of the church -- The Gospels : putting the story together -- John and beyond : faith and the future. | |
| 630 | 0 | 0 |
_aBible. _pNew Testament _vIntroductions. _97187 |
| 630 | 0 | 0 |
_aBible. _pNew Testament _xTheology. _97188 |
| 856 | 4 | 1 |
_3Table of contents only _uhttp://www.loc.gov/catdir/toc/ecip079/2007003161.html |
| 906 |
_a0 _bcbc _corignew _d1 _eecip _f20 _gy-gencatlg |
||
| 942 |
_2lcc _cMONOGRAPH |
||
| 999 |
_c119739 _d119739 |
||